The housing downturn : picking up the pieces :

Bibliographic Details
Main Author: Norwood, Graham (Author)
Format: Book
Language:English
Published: London : Estate Gazette 2009
Subjects:

MARC

LEADER 00000cam a2200000 7i4500
001 0000027660
005 20171026.0
008 171023 -uk eng
020 |a 9780728205703 
040 |a INS   |b eng   |e rda 
090 0 0 |a HD251   |b N67 2009 
100 1 |a Norwood, Graham ,   |e author 
245 1 4 |a The housing downturn :   |b picking up the pieces :   |b s guide for estate agents and developers   |c Graham Norwood 
264 1 |a London :   |b Estate Gazette   |c 2009 
300 |a vii, 128 pages ;   |c 22 cm. 
336 |a text  |2 rdacontent 
337 |a unmediated  |2 rdamedia 
338 |a volume  |2 rdacarrier 
500 |a Includes index 
650 0 |a Real estate business   |x Great Britain 
999 |a 1000003075   |b BOOK   |c Open Shelf   |e Default branch 
999 |a 1000003076   |b BOOK   |c Open Shelf   |e Default branch